La palabra viva del Concilio : texto y comentarios de la Constitución sobre la Revelación /
Сохранить в:
| Корпоративные авторы: | , |
|---|---|
| Другие авторы: | , , , , |
| Формат: | Материалы конференции |
| Опубликовано: |
Madrid, España :
Studium,
1967, c1967
|
| Предметы: | |
| Метки: |
Нет меток, Требуется 1-ая метка записи!
|
MARC
| LEADER | 00000nam^a2200000^a^4500 | ||
|---|---|---|---|
| 001 | 000211057 | ||
| 005 | 20250521000000.0 | ||
| 009 | 20260310103411.587 | ||
| 035 | |a 003800 | ||
| 037 | |a Acervo Xavier Clavigero | ||
| 082 | |a 242. |b SCH | ||
| 111 | |a Concilio Vaticano ( |n 2° : |d 1962-1965 : |c Ciudad del Vaticano) | ||
| 245 | 1 | 3 | |a La palabra viva del Concilio : |b texto y comentarios de la Constitución sobre la Revelación / |c Comentarios del Hermano Roger de Taizé, M. Thurian ; ed. de la Comunidad de Taizé ; versión de G. Guijarro. |
| 264 | 4 | |a Madrid, España : |b Studium, |c 1967, c1967 | |
| 300 | |a 150 p. | ||
| 336 | |a texto |b txt |2 rdacontenido | ||
| 337 | |a sin mediación |b n |2 rdamedio | ||
| 338 | |a volumen |b nc |2 rdasoporte | ||
| 500 | |a Traducción de: La parole vivante au Concile: texto et commentaire de la Constitution sur la Révélation | ||
| 649 | |a XX | ||
| 650 | |a Iglesia Católica - |x Historia - |y Papa, 1963-1978 (San Paulo VI) | ||
| 650 | |a Iglesia Católica - |x Historia - |y Siglo XX | ||
| 650 | |a Revelación - |x Tema Principal | ||
| 650 | |a Dios | ||
| 650 | |a Dogma | ||
| 650 | |a Teología Doctrinal | ||
| 650 | |a Concilio Vaticano, 1962-1965 - |x Historia y Crítica - |x Tema Principal | ||
| 650 | |a Concilios Ecuménicos - |x Historia - |y Siglo XX | ||
| 650 | |a Concilios y Sínodos - |x Historia - |y Siglo XX | ||
| 650 | |a Catolicismo | ||
| 650 | |a Cristianismo | ||
| 650 | |a Religión | ||
| 710 | |a Iglesia Católica | ||
| 700 | |a Roger de Taizé, |c Hermano |e (comentarios) | ||
| 700 | |a Thurian, Max |e (comentarios) | ||
| 700 | |a Comunidad de Taizé |e (edición) | ||
| 700 | |a Lubac, Henri de |e (prefacio) | ||
| 700 | |a Guijarro, Gaudencio |e (traducción) | ||
| 910 | |a Fondo General | ||
| 920 | |a Impresos - Libros | ||
| 930 | |a Colección General | ||
| 905 | |a 101 | ||
| 901 | |a 003800 |b IT1 |c ACC |i 003800 |u 20250521 | ||
| 901 | |a 001641 |b IT1 |c ACC |i 001641 |u 20250521 | ||
| 902 | |a https://opac.biblio.iteso.mx/vufind/Record/000211057 | ||